Công nghệ và thiết bị gia công vật liệu Polime

Trình bày các kiến thức cơ bản về vật liệu polime (cấu trúc, thành phần và tính chất). Các công nghệ và thiết bị gia công vật liệu polime như: thiết bị và công nghệ đùn, ép phun, ép đúc, công nghệ tạo xốp chất dẻo, cao su,......

Popoln opis

Shranjeno v:
Bibliografske podrobnosti
Glavni avtor: Nhữ, Hoàng Gia
Format: Knjiga
Jezik:Undetermined
Izdano: H. KH & KT 2008
Teme:
Online dostop:http://lrc.tdmu.edu.vn/opac/search/detail.asp?aID=2&ID=7603
Oznake: Označite
Brez oznak, prvi označite!
Thư viện lưu trữ: Trung tâm Học liệu Trường Đại học Thủ Dầu Một
LEADER 00970nam a2200193Ia 4500
001 TDMU_7603
008 210410s9999 xx 000 0 und d
082 |a 668.9 
090 |b NH550 
100 |a Nhữ, Hoàng Gia 
245 0 |a Công nghệ và thiết bị gia công vật liệu Polime 
260 |a H. 
260 |b KH & KT 
260 |c 2008 
300 |a 210tr 
520 |a Trình bày các kiến thức cơ bản về vật liệu polime (cấu trúc, thành phần và tính chất). Các công nghệ và thiết bị gia công vật liệu polime như: thiết bị và công nghệ đùn, ép phun, ép đúc, công nghệ tạo xốp chất dẻo, cao su,... 
650 |a Công nghệ; Gia công; Polyme; Thiết bị; Vật liệu 
856 |u http://lrc.tdmu.edu.vn/opac/search/detail.asp?aID=2&ID=7603 
980 |a Trung tâm Học liệu Trường Đại học Thủ Dầu Một